000 00300nam a22001337a 4500
008 181121b xxu||||| |||| 00| 0 eng d
020 _a9780781780629
041 _aeng
080 _a610.073
100 _a3
101 _aINF
245 _aNursing Health Assessment
_cJensen.SH
942 _2udc
_cBK
999 _c52275
_d52275